00305nam a2200133Ia 45000030006000000080041000060400015000471000021000622450040000832500010001232600009001335460012001420050017001540STCL150530s9999 xx 000 0 und d aSTCLcSTCL aChesterton, G.K. aGenerally speaking a book of essays aFirst c1928 aEnglish20220125171144.0